Mục tiêu, cấu trúc, tiến trình nghiên cứu và hoàn thiện nội dung trong xây dựng, phát triển nền văn hoá Việt Nam tiên tiến, đậm đà bản sắc dân tộc /

Gorde:
Xehetasun bibliografikoak
Egile nagusia: Hải Sâm
Formatua: Artikulua
Hizkuntza:Vietnamese
Gaiak:
Etiketak: Etiketa erantsi
Etiketarik gabe, Izan zaitez lehena erregistro honi etiketa jartzen!
Thư viện lưu trữ: Thư viện Trường Đại học Đà Lạt
LEADER 00937nam a2200289 4500
001 DLU040029512
040 # # |a DLU  |b vie 
041 # # |a vie 
044 # # |a vn 
100 # # |a Hải Sâm 
245 # # |a Mục tiêu, cấu trúc, tiến trình nghiên cứu và hoàn thiện nội dung trong xây dựng, phát triển nền văn hoá Việt Nam tiên tiến, đậm đà bản sắc dân tộc /  |c Hải Sâm 
653 # # |a Bản sắc văn hóa 
653 # # |a Văn hóa truyền thống 
773 # # |t Tạp chí Khoa học Xã hội Việt Nam  |g Số 39, quý I, 1999, tr.148-153 
920 # # |a Phòng Tạp chí -- Trung tâm Thông tin - Thư viện Trường Đại học Đà Lạt 
933 # # |a DP 
933 # # |a NV 
933 # # |a VN 
933 # # |a XH 
994 # # |a DLU 
900 # # |a True 
911 # # |a Nguyễn Thị Minh Cầm 
925 # # |a G 
926 # # |a A 
927 # # |a BB 
980 # # |a Thư viện Trường Đại học Đà Lạt